Ochrana a tvorba životného prostredia anglicko-nemecko-francúzsko-rusko-slovenský slovník

Salvato in:
Dettagli Bibliografici
Natura: Libro
Lingua:inglese
tedesco
francese
russo
slovacco
Pubblicazione: Bratislava Alfa 1990
Edizione:1. vyd.
Serie:Edícia prekladových slovníkov
Tags: Aggiungi Tag
Nessun Tag, puoi essere il primo ad aggiungerne!!

MARC

LEADER 00000nam a2200000 4500
001 c021958
005 20260116122644.7
041 0 |a eng 
041 0 |a ger 
041 0 |a fre 
041 0 |a rus 
041 0 |a slo 
044 |a SK 
245 1 0 |a Ochrana a tvorba životného prostredia  |b anglicko-nemecko-francúzsko-rusko-slovenský slovník  |c Sprac. Egon Seidel 
250 |a 1. vyd. 
264 1 |a Bratislava  |b Alfa  |c 1990 
300 |a 651 s. 
490 1 |a Edícia prekladových slovníkov 
830 0 |a Edícia prekladových slovníkov